000 00363nam a2200109Ia 4500
008 171211s9999 xx 000 0 und d
245 _aPilates A Teachers' Manual: Exercises with Mats and Equipment for Prevention and Rehabilitation
245 _cVerena Geweniger
260 _c2014
650 _xFITNESS
856 _uhttp://down.ebook777.com/062/9783642381133.pdf
999 _c349055
_d349055